Luận về chữ Nhân

Shranjeno v:
Bibliografske podrobnosti
Glavni avtor: Huyền Cơ
Format: Knjiga
Jezik:Undetermined
Izdano: Thành phố Hồ Chí Minh Trẻ 2007
Teme:
Oznake: Označite
Brez oznak, prvi označite!
Thư viện lưu trữ: Trung tâm Học liệu Trường Đại học Cần Thơ
LEADER 00518nam a2200193Ia 4500
001 CTU_128403
008 210402s9999 xx 000 0 und d
020 |c 38000 
082 |a 179.9 
082 |b H527 
100 |a Huyền Cơ 
245 0 |a Luận về chữ Nhân 
245 0 |c Huyền Cơ 
260 |a Thành phố Hồ Chí Minh 
260 |b Trẻ 
260 |c 2007 
650 |a Philosophy, Chinese,Humanity 
904 |i Minh 
980 |a Trung tâm Học liệu Trường Đại học Cần Thơ